Harry Styles - Statistics

General Stats
  • This quiz has been taken 66 times
    63 since last reset
  • The average score is 10 of 15
Answer Stats
Hint Answer % Correct
How old was Harry when he auditioned for the X-Factor 16
100%
How many grammys Harry he won (made in 2023) 3
100%
How many nipples does harry have 4
100%
What is Harry's middle name Edward
100%
What is Harry's second album called Fine Line
96%
What is Harrys sisters name Gemma
96%
Who did Harry date in 2012 Taylor Swift
84%
What magazine was Harry wearing a dress for vogue
84%
When was Harry born February 1
70%
What color boa did Harry have in the 2020 grammys performance green
66%
Harry's nickname Hazza
64%
What is Harry's favorite food tacos
32%
How tall is Harry 6 feet
16%
What is Harry's biggest turnoff spitting
16%
What book led Harry to love to read Norwegian Wood
2%
No matching quizzes found
Score Distribution
Percent of People with Each Score
Percentile by Number Answered
Your Score History
You have not taken this quiz since the last reset